| 000 | 00492nam a2200181Ia 4500 | ||
|---|---|---|---|
| 001 | 22590 | ||
| 005 | 20260414150841.0 | ||
| 008 | 260414t2002||||xx |||||||||||||| ||spa|| | ||
| 041 | _aESP | ||
| 082 |
_a621.382092 _bI59 |
||
| 110 | _aThe Institute of Electrical and Electrizonics Engineers Inc. Communications Society | ||
| 245 | 2 |
_aA brief history of communications _b |
|
| 260 | _c2002 | ||
| 300 |
_a128 páginas : _c\N |
||
| 650 | _aTCA | ||
| 654 | _aCET | ||
| 942 |
_cLIB _dJUS _fJUS _2ddc _n |
||
| 999 |
_c22590 _d22590 |
||